000 00669nam a2200277Ia 4500
005 20260324130840.0
008 008 260324s9999 xx 000 0 eng d
020 _a9781003578758
037 _aEBOOK
040 _aCRL
040 _beng
040 _cCRL
041 _2eng
041 _aeng
084 _qCRL
100 _aJack V. Haney
_91176204
245 4 _aThe Complete Russian Folktale: v. 6: Russian Tales of Love and Life
260 _bTaylor and Francis
260 _c2007
365 _a
365 _b290
856 _uhttp://www.taylorfrancis.com/books/9781003578758
942 _cEBOOK
999 _c1779886
_d1779886